000 00744nam a2200265Ia 4500
003 OSt
005 20220918170751.0
006 a|||||r|||| 00| 0
007 ta
008 220917b |||||||| |||| 00| 0 eng d
020 _a9780471692386 (hbk)
_c6515.69
024 _a236,505
037 _b219, 23/10/2008, Bharatiya Sahitya Bhavana
_cTextual
040 _aARTS
_cARTS
_beng
041 _2eng
_aeng
082 _aS6, P7
100 _aKring Ann M. ...[et al]
_931049
245 0 _aAbnormal psychology
250 _a10th
260 _c2007
300 _axv, 601p.
_ccm.
650 _aPSYCHOLOGY
942 _hS6, P7
_cTEXL
_2CC
999 _c135640
_d135640